The art and craft of course design /

Bibliographic Details
Main Author: Earl, Tony
Format: Book
Language:English
Published: London : New York : K. Page ; Nichols Pub. Co., 1987.
Subjects:

MARC

Tag First Indicator Second Indicator Subfields
LEADER 00000cam a2200000 a 4500
001 in00000018032
005 20151007053132.0
008 870306s1987 enka b 00010 eng
010 |a  87007668  
020 |a 0893972797 :  |c $22.50 
035 |a (OCoLC)15366158 
035 |9 AAB0512AM 
040 |a DLC  |c DLC  |d UtOrBLW 
049 |a TXAM  |c [A11081846] 
050 0 0 |a LB1028.35  |b .E37 1987 
082 0 |a 371.3  |2 19 
100 1 |a Earl, Tony. 
245 1 4 |a The art and craft of course design /  |c Tony Earl. 
264 1 |a London :  |b K. Page ;  |a New York :  |b Nichols Pub. Co.,  |c 1987. 
300 |a 110 pages :  |b illustrations ;  |c 23 cm. 
336 |a text  |b txt  |2 rdacontent 
337 |a unmediated  |b n  |2 rdamedia 
338 |a volume  |b nc  |2 rdacarrier 
504 |a Bibliography: pages 109-110. 
650 0 |a Instructional systems  |x Design. 
999 |a MARS 
999 f f |s e376cb28-f361-3e3c-9f5a-fa65ebf53956  |i 6e0faae2-c2f0-3792-98b6-2370cdad2910  |t 0 
952 f f |p normal  |a Texas A&M University  |b College Station  |c Sterling C. Evans Library  |d Evans: Library Stacks  |t 0  |e LB1028.35 .E37 1987  |h Library of Congress classification  |i unmediated -- volume  |m A14811081846 
998 f f |a LB1028.35 .E37 1987  |t 0  |l Evans: Library Stacks